|
|
|
|
| LEADER |
00000nam0a2200000 4500 |
| 001 |
3504 |
| 005 |
20231101204320.0 |
| 010 |
|
|
|a 5862750438
|
| 035 |
|
|
|a (RuTPU)RU\TPU\book\3523
|
| 035 |
|
|
|a BOOK00003531
|
| 090 |
|
|
|a 3504
|
| 100 |
|
|
|a 20011209d1996 m y0rusy50 ca
|
| 101 |
0 |
|
|a rus
|
| 102 |
|
|
|a RU
|
| 105 |
|
|
|a y j 000zy
|
| 200 |
1 |
|
|a Военное право
|e учебник
|f Под ред. Н. И. Кузнецова
|
| 210 |
|
|
|a Москва
|d 1996
|
| 215 |
|
|
|a 318 с.
|
| 606 |
1 |
|
|a Военное законодательство
|2 stltpush
|3 (RuTPU)RU\TPU\subj\38037
|9 58755
|
| 610 |
1 |
|
|a военное дело
|
| 610 |
1 |
|
|a право
|
| 610 |
1 |
|
|a военное право
|
| 610 |
1 |
|
|a учебники
|
| 686 |
|
|
|a Х621.16я73
|v LBC/SL-A
|2 rubbk
|
| 686 |
|
|
|a Ц1я73
|v LBC/SL-A
|2 rubbk
|
| 702 |
|
1 |
|a Кузнецов
|b Н. И.
|4 340
|
| 801 |
|
0 |
|a RU
|b 63413507
|c 20011209
|g PSBO
|
| 801 |
|
2 |
|a RU
|b 63413507
|c 20200515
|g PSBO
|
| 942 |
|
|
|c BK
|